000 00748nam a2200205 i 4500
001 34038
003 ES-MaACL
005 20230906154851.0
007 t|
008 030204s1963 sp ||||1| spa d
100 1 _aBlanco García, Félix.
_929255
245 1 0 _aTuberculosis abdomino-genital de la mujer /
_cpor Félix Blanco García.
260 _aZaragoza :
_bInstitución "Fernando el Católico",
_c1963.
300 _a62 p., 1 lám. :
_bil. ;
_c24 cm.
595 _aSeparata de: IV Jornadas Médicas Aragonesas.
650 0 0 _aAparato genital femenino-
_xEnfermedades.
_99910
710 2 _aInstitución "Fernando el Católico"
_94721
711 2 _aJornadas Médicas Aragonesas (
_n4º.
_d1963.
_cZaragoza)
_9836
852 _aES-MaACL
_jC-25211
999 _c34038
_d34038